000 01060nmm a2200301 a 4500
001 ocm0001512290
003 TR-IsHL
005 20201028165213.0
008 160220s2011 tu tur
007 cr cn
020 _a9786054334933
035 _a1512290
_b(N$T)
050 0 4 _aHC492
_b.I35 2011
090 0 4 _aHC492
_b.I35 2011
245 1 0 _a2000'li yıllarda Türkiye'de iktisat ve siyaset rüzgarları
_h[electronic resource] /
_cderleyenler Ömür Birler, Simten Coşar, Hakan Mıhcı, Gamze Yücesan Özdemir
260 _aAnkara :
_bEfil Yayınevi,
_c2011
300 _a210 p.
650 4 _aEkonomi ve Finans
650 4 _aEconomics and Finance
650 0 _aTürkiye
_x Ekonomi politikası
650 0 _aTurkey
_x Economic policy
650 7 _aBUSINESS & ECONOMICS / Economic Conditions
_2bisacsh
700 1 _aBirler, Ömür
700 1 _aCoşar, Simten
700 1 _aMıhcı, Hakan
700 1 _aÖzdemir, Gamze Yücesan
856 4 0 _uhttp://search.ebscohost.com/login.aspx?direct=true&scope=site&db=e011xww&AN=1512290
999 _c15812
_d15812